000 00566nmm a2200205Ia 4500
008 251105s9999||||xx |||||||||||||||||und||
020 _a9788478444151
041 _aspa
100 _aCalvino, Italo
245 0 _aLas ciudades invisibles
264 _a[Madrid, España] :
_bSiruela,
_c2012
300 _a172 páginas
490 _aBiblioteca Italo Calvino
650 _aOther narratives
700 _aCalvino, Italo
700 1 _a Calvino, Italo
700 1 _a Bernárdez, Aurora
856 _uhttps://public.digitaliapublishing.com/a/31969
942 _cCF
999 _c63349
_d63349